000 01159nam a2200289 4500
001 0000017738
003 CO-CtgCURN
005 20250516154009.0
007 ta
008 160627s2000 000 0 eng d
020 _a9586900770
040 _aCO-CtgCURN
_bspa
_ccoctgcurn
082 0 _a347.7
_bL473c
100 1 _aLeal Pérez, Hildebrando.
245 1 0 _aCódigo de comercio comentado /
_cHildebrando Leal Pérez.
250 _a7a ed.
260 _aBogotá :
_bLeyer,
_c2000.
300 _alv, 1622 p.
336 _2rdacontent
337 _2rdamedia
_asin mediacion
_bn
338 _2rdacarrier
_avolumen
_bnc
505 8 _aDe los comerciantes y de los asuntos de comercio.--De las sociedades comerciales.--De la sociedad colectiva.--De las sociedades en comandita.--De las sociedades extranjeras.--De la sociedad mercantil de hecho.--De los bienes mercantiles.--De los contratos y obligaciones mercantiles.--De la aeronautica.--De la navegacion
650 1 4 _aDerecho comercial
_vLegislacion
_zColombia.
908 _a160627
942 _cBK
_h347.7
_iL473c
_2ddc
_n0
999 _c20525
_d20525